The history of the creation: a Christian view of inorganic and organic evolution
Na minha lista:
| Autor principal: | |
|---|---|
| Formato: | Livro |
| Idioma: | inglês |
| Publicado em: |
Sydney
Fast Books
1993
|
| Assuntos: | |
| Tags: |
Adicionar Tag
Sem tags, seja o primeiro a adicionar uma tag!
|
MARC
| LEADER | 00000nam a2200000 a 4500 | ||
|---|---|---|---|
| 001 | UCX7073 | ||
| 003 | CL-VaPUC | ||
| 008 | 930921e19930000AT |||||||||||||||||eng|d | ||
| 020 | |a 0646141139 | ||
| 082 | 0 | 4 | |a 231.765 |b GAS |2 21 |
| 100 | 0 | |a Gascoigne, Robert Mortimer |e author |9 323827 | |
| 245 | 1 | 4 | |a The history of the creation: a Christian view of inorganic and organic evolution |
| 300 | |a 325 p | ||
| 942 | |c BK | ||
| 945 | |d 19930921 00:00:00 | ||
| 260 | |a Sydney |b Fast Books |c 1993 | ||
| 650 | 0 | |a Creación |9 313344 | |
| 650 | 0 | |a Evolución |9 259442 | |
| 650 | 0 | |a Religión y ciencia |9 314470 | |
| 583 | |a last modification |c 19930921 00:00:00 |k Rodrigo Vera | ||
| 999 | |c 226992 |d 226990 | ||
| 952 | |0 0 |1 0 |4 0 |6 231_765000000000000_GAS_1993 |7 0 |8 A |9 225728 |a BIBTEO |b BIBTEO |d 2019-11-15 |i 2943476 |o 231.765 GAS 1993 |p 2943476 |r 2025-01-17 |w 2019-11-15 |y BK |k ICR | ||